| 000 | 00447nam a2200169Ia 4500 | ||
|---|---|---|---|
| 008 | 140306s9999 xx 000 0 und d | ||
| 020 | _a8170242096 | ||
| 041 | _aeng | ||
| 082 |
_a338.04 _bDES/EN |
||
| 100 | _aDesai, Arvind Rai N | ||
| 245 | _aEnvironment and entrepreneur | ||
| 260 |
_aNew Delhi _bAshish publishing House _c1989 |
||
| 365 | _bRs.200 | ||
| 650 | _aPolitical administration | ||
| 650 | _apower motivation | ||
| 942 |
_2ddc _cBK |
||
| 999 |
_c180054 _d180054 |
||